| 000 | 00483nam a2200169 i 4500 | ||
|---|---|---|---|
| 001 | 59378 | ||
| 003 | ES-MaACL | ||
| 005 | 20230906164024.0 | ||
| 007 | t| | ||
| 008 | 031028s1903 sp ||||1| spa d | ||
| 100 | 1 |
_aElola, José de ( _d1859-1933) _947068 |
|
| 245 | 1 | 0 |
_aAgenda del topógrafo / _cpor José de Elola y Gutiérrez. |
| 260 |
_aMadrid : _bSucesores de Rivadeneyra, _c1903. |
||
| 300 |
_a178 p. ; _c17 cm. |
||
| 650 | 4 |
_aTopografía. _9136936 |
|
| 852 |
_aES-MaACL _jA-857 |
||
| 999 |
_c59378 _d59378 |
||